000 00993nam a2200313Ia 4500
003 OSt
005 20221007123050.0
006 a|||||r|||| 00| 0
007 ta
008 221006b |||||||| |||| 00| 0 eng d
020 _a9781108422413 (hbk)
024 _a199057
037 _b4693, 19/02/2018, Ashutosh Technical Books
_cTextual
040 _aPAPL
_cPAPL
_beng
041 _2eng
_aeng
082 _aCN1, M5;Q7 Carpa
100 _aSakurai J J
245 0 _aModern quantum mechanics
_b Napolitano Jim
250 _a2
260 _aNew
_bYork Cambridge University Press
_c2017
300 _axviii, 550p. ill.
_ccm.
500 _aBibliography 535p.; Index 537-550p.
650 _a Quantum dynamics
_9713582
650 _a Scattering theory
650 _aPhysics
700 _a Napolitano Jim
_9478791
942 _hCN1, M5;Q7 Carpa
_cTEXL
_2CC
999 _c1211319
_d1211319